000 00502nam a2200181Ia 4500
005 20250508151015.0
008 008 250505s9999 xx 000 0 eng d
037 _aTextual
040 _aFEDL
_beng
_cFEDL
041 _aeng
_2eng
084 _a911.3, SAK
_qFEDL
100 _aSaksena S C
_9738417
245 0 _aEconomic and commercial geography
260 _aAgra, India
_bLakshmi Narain Agarwal
_c1951
300 _a336p.
942 _cTEXL
_h911.3, SAK
999 _c1327004
_d1327004